000 00373nam a2200157Ia 4500
008 230917s9999||||xx |||||||||||||| ||und||
020 _cPOU5.95
040 _e3811
_aMAIN
041 _aEnglish
082 _a320.5322 H219L
100 _aHarding, Neil
245 0 _aLenin's political thought
260 _aLondon
_bMacmillan
_c1977
300 _aix, 36 p.
942 _cBK
999 _c191036
_d191036